[Event "Lignano Bella Italia op 1st"]
[Site "Lignano Sabbiadoro"]
[Date "2022.08.18"]
[Round "3"]
[White "Della Pietra, Andrea"]
[Black "Loiacono, Leonardo"]
[Result "0-1"]
[WhiteElo "2172"]
[BlackElo "2291"]
[PlyCount "82"]
[EventDate "2022.08.18"]
[EventType "swiss"]
[EventRounds "9"]
[EventCountry "ITA"]
[SourceTitle "CBM 210 Extra"]
[Source "ChessBase"]
[SourceDate "2022.11.30"]
[SourceVersion "1"]
[SourceVersionDate "2022.11.30"]
[SourceQuality "1"]

1. d4 d5 2. c4 e6 3. Nc3 Be7 4. cxd5 exd5 5. Bf4 c6 6. e3 Bf5 7. g4 Be6 8. h3 Nd7 9. Bg2 h5 10. gxh5 Ndf6 11. Nge2 Nxh5 12. Be5 Ngf6 13. Qc2 Nd7 14. Bh2 Nb6 15. 0-0-0 Qd7 16. Nf4 Nxf4 17. Bxf4 Bd6 18. Bxd6 Qxd6 19. Ne2 g6 20. f3 0-0-0 21. b3 Rh4 22. Kb2 Rdh8 23. Ng1 Qb4 24. Ka1 g5 25. f4 gxf4 26. Nf3 R4h5 27. exf4 Bf5 28. Qd2 Qxd2 29. Rxd2 f6 30. h4 Be4 31. Re2 Kd8 32. Ne1 f5 33. Bxe4 dxe4 34. Ng2 Nd5 35. Kb2 Rg8 36. Rh3 Ke7 37. b4 Rh7 38. h5 Rxg2 39. Rxg2 Nxf4 40. Rgg3 Nxh3 41. Rxh3 Kf6 0-1

[Event "Lignano Bella Italia op 1st"]
[Site "Lignano Sabbiadoro"]
[Date "2022.08.18"]
[Round "2"]
[White "Jonkman, Harmen"]
[Black "Della Pietra, Andrea"]
[Result "1/2-1/2"]
[WhiteElo "2373"]
[BlackElo "2172"]
[PlyCount "42"]
[EventDate "2022.08.18"]
[EventType "swiss"]
[EventRounds "9"]
[EventCountry "ITA"]
[SourceTitle "CBM 210 Extra"]
[Source "ChessBase"]
[SourceDate "2022.11.30"]
[SourceVersion "1"]
[SourceVersionDate "2022.11.30"]
[SourceQuality "1"]

1. e4 d6 2. f4 d5 3. Nc3 d4 4. Nce2 c5 5. Ng3 Nf6 6. Bc4 h5 7. d3 h4 8. Nf1 Bg4 9. Qd2 Nc6 10. Qf2 b5 11. h3 bxc4 12. hxg4 Qa5+ 13. Ke2 cxd3+ 14. cxd3 c4 15. Rxh4 cxd3+ 16. Kf3 Rxh4 17. Qxh4 g5 18. Qg3 e6 19. Bd2 Bb4 20. Rd1 Bxd2 21. Nxd2 gxf4 1/2-1/2

[Event "Porto Mannu op 11th"]
[Site "Porto Mannu"]
[Date "2019.06.06"]
[Round "7"]
[White "Della Pietra, Andrea"]
[Black "Brunello, Sabino"]
[Result "0-1"]
[WhiteElo "2226"]
[BlackElo "2544"]
[PlyCount "80"]
[EventDate "2019.06.01"]
[EventType "swiss"]
[EventRounds "9"]
[EventCountry "ITA"]
[SourceTitle "CBM 190 Extra"]
[Source "ChessBase"]
[SourceDate "2019.07.15"]
[SourceVersion "1"]
[SourceVersionDate "2019.07.15"]
[SourceQuality "1"]

1. d4 Nf6 2. c4 e6 3. Nc3 Bb4 4. f3 d5 5. a3 Bxc3+ 6. bxc3 c6 7. e3 0-0 8. Bd3 b6 9. Ne2 Ba6 10. cxd5 Bxd3 11. Qxd3 cxd5 12. 0-0 Nbd7 13. Rd1 Qc7 14. e4 Rfc8 15. e5 Ne8 16. Bd2 Qc4 17. Qe3 b5 18. f4 Rc6 19. g4 f5 20. Ng3 g6 21. gxf5 exf5 22. Kh1 Ng7 23. Rg1 Nb6 24. h4 Kf7 25. h5 Rac8 26. Qf3 Qb3 27. h6 Ne6 28. Nxf5 Qc2 29. Nd6+ Rxd6 30. exd6 Qxd2 31. Rg3 Ke8 32. f5 gxf5 33. Qxf5 Qxh6+ 34. Rh3 Qg6 35. Qxg6+ hxg6 36. Rh7 Kd8 37. Re1 Ng5 38. Rg7 Ne4 39. Rxg6 Rxc3 40. Rf1 Ng3+ 0-1

[Event "Spilimbergo op 16th"]
[Site "Spilimbergo"]
[Date "2018.08.10"]
[Round "1"]
[White "Krysa, Leandro Sergio"]
[Black "Della Pietra, Andrea"]
[Result "1-0"]
[WhiteElo "2523"]
[BlackElo "2212"]
[PlyCount "69"]
[EventDate "2018.08.10"]
[EventType "swiss"]
[EventRounds "9"]
[EventCountry "ITA"]
[SourceTitle "CBM 186 Extra"]
[Source "ChessBase"]
[SourceDate "2018.08.24"]
[SourceVersion "1"]
[SourceVersionDate "2018.08.24"]
[SourceQuality "1"]

1. d4 Nf6 2. c4 Nc6 3. Nf3 e6 4. g3 Bb4+ 5. Bd2 Qe7 6. e3 Bxd2+ 7. Qxd2 Ne4 8. Qc2 Qb4+ 9. Nbd2 Nxd2 10. Nxd2 Qe7 11. Bg2 0-0 12. 0-0 d6 13. f4 a5 14. Qc3 Bd7 15. Rae1 e5 16. fxe5 dxe5 17. c5 Rfe8 18. d5 Nb4 19. a3 Na6 20. b4 axb4 21. axb4 Bb5 22. Rf2 Rac8 23. Ra1 b6 24. Bf1 Bxf1 25. Rfxf1 Nb8 26. c6 e4 27. Qc4 Rcd8 28. Rad1 Qe5 29. Nb1 Rd6 30. Nc3 Red8 31. Rd4 f5 32. Nb5 Rg6 33. d6+ Kh8 34. dxc7 Rxg3+ 35. Kh1 1-0

[Event "Porto Mannu op 10th"]
[Site "Porto Mannu"]
[Date "2018.06.02"]
[Round "1"]
[White "Della Pietra, Andrea"]
[Black "Nevednichy, Vladislav"]
[Result "0-1"]
[WhiteElo "2209"]
[BlackElo "2525"]
[PlyCount "82"]
[EventDate "2018.06.02"]
[EventType "swiss"]
[EventRounds "9"]
[EventCountry "ITA"]
[SourceTitle "CBM 184 Extra"]
[Source "ChessBase"]
[SourceDate "2018.06.28"]
[SourceVersion "1"]
[SourceVersionDate "2018.06.28"]
[SourceQuality "1"]

1. d4 Nf6 2. c4 d6 3. Nc3 e5 4. d5 a5 5. e4 Na6 6. Nge2 h5 7. f3 h4 8. Be3 Be7 9. Qd2 Bd7 10. Nc1 c6 11. Nd3 cxd5 12. cxd5 b5 13. a4 bxa4 14. Nxa4 Rb8 15. Be2 0-0 16. 0-0 Nb4 17. Rfc1 Nh5 18. Rc4 Nxd3 19. Bxd3 Nf4 20. Bf1 Bb5 21. Rc2 Bxf1 22. Rxf1 Rb4 23. Nc3 Bg5 24. g3 Rd4 25. Qe1 Nd3 26. Qe2 Nb4 27. Rd2 Bxe3+ 28. Qxe3 Qf6 29. f4 Rxd2 30. Qxd2 hxg3 31. hxg3 exf4 32. gxf4 Rb8 33. Rf2 Na6 34. Qe2 Nc5 35. e5 Qh6 36. Nb5 Qg6+ 37. Rg2 Qb1+ 38. Kh2 Qh7+ 39. Kg1 Nd3 40. Nxd6 Nxf4 41. Qf3 Nh3+ 0-1

[Event "Porto Mannu op 8th"]
[Site "Porto Mannu"]
[Date "2016.06.04"]
[Round "1"]
[White "Della Pietra, Andrea"]
[Black "Landa, Konstantin"]
[Result "1/2-1/2"]
[WhiteElo "2213"]
[BlackElo "2610"]
[PlyCount "105"]
[EventDate "2016.06.04"]
[EventType "swiss"]
[EventRounds "9"]
[EventCountry "ITA"]
[SourceTitle "CBM 172 Extra"]
[Source "ChessBase"]
[SourceDate "2016.06.21"]
[SourceVersion "1"]
[SourceVersionDate "2016.06.21"]
[SourceQuality "1"]

1. d4 d5 2. c4 dxc4 3. e4 e5 4. Nf3 exd4 5. Bxc4 Nc6 6. 0-0 Bc5 7. Ng5 Nh6 8. Nxf7 Nxf7 9. Bxf7+ Kxf7 10. Qh5+ g6 11. Qxc5 Qe7 12. Qb5 Qxe4 13. Bh6 Rd8 14. Qb3+ Qd5 15. Qg3 Bf5 16. Qxc7+ Rd7 17. Qf4 Qe4 18. Qg3 Qg4 19. Nd2 Re8 20. Qxg4 Bxg4 21. f3 Bf5 22. Rfe1 Rde7 23. Rxe7+ Rxe7 24. Kf2 Bc2 25. Re1 Rxe1 26. Kxe1 Ke6 27. Bg7 Kd5 28. a3 a5 29. g3 Nd8 30. Ke2 Ne6 31. Bf6 Nc5 32. f4 Bf5 33. b3 Bg4+ 34. Kf2 b5 35. Bd8 b4 36. a4 Nb7 37. Bb6 Bd1 38. Ke1 Bc2 39. Ke2 h5 40. Ke1 Nc5 41. Bxa5 Nxb3 42. Nxb3 Bxb3 43. Bxb4 Bxa4 44. Ke2 Bb5+ 45. Kd2 Ke4 46. Bc5 d3 47. Bd6 Bd7 48. f5 Bxf5 49. h4 Kf3 50. Bc7 Kg2 51. Bf4 g5 52. Bxg5 Kxg3 53. Bd8 1/2-1/2

[Event "Udine Oro Caffe op 3rd"]
[Site "Udine"]
[Date "2010.07.06"]
[Round "2"]
[White "Redo, Stefano"]
[Black "Della Pietra, Andrea"]
[Result "0-1"]
[WhiteElo "1919"]
[BlackElo "2170"]
[PlyCount "36"]
[EventDate "2010.07.05"]
[EventType "swiss"]
[EventRounds "7"]
[EventCountry "ITA"]
[SourceTitle "EXT 2024"]
[Source "ChessBase"]
[SourceDate "2023.10.10"]
[SourceVersion "1"]
[SourceVersionDate "2023.10.10"]
[SourceQuality "1"]

1. e4 e6 2. d4 d5 3. Nc3 Bb4 4. Qg4 Nf6 5. Qxg7 Rg8 6. Qh6 c5 7. a3 Rg6 8. Qe3 Ba5 9. Nge2 Nc6 10. Bd2 cxd4 11. Nxd4 Ng4 12. Qd3 Bb6 13. Nxc6 Bxf2+ 14. Ke2 bxc6 15. h3 Ne5 16. Kxf2 Nxd3+ 17. Bxd3 Qb6+ 18. Kf3 Rf6+ 0-1

[Event "Dos Hermanas Internet qual-E 10th"]
[Site "ICC INT"]
[Date "2009.03.15"]
[Round "4"]
[White "Salama, Omar"]
[Black "Della Pietra, Andrea"]
[Result "1/2-1/2"]
[WhiteElo "2272"]
[BlackElo "2161"]
[PlyCount "118"]
[EventDate "2009.03.15"]
[EventType "swiss (blitz)"]
[EventRounds "12"]
[EventCountry "ESP"]
[SourceTitle "CBM 129 Extra"]
[Source "ChessBase"]
[SourceDate "2009.05.05"]
[SourceVersion "2"]
[SourceVersionDate "2009.05.20"]
[SourceQuality "1"]

1. d4 Nf6 2. c4 Nc6 3. Nf3 e6 4. e3 Bb4+ 5. Bd2 Qe7 6. Bd3 0-0 7. 0-0 Bxd2 8. Nbxd2 d6 9. a3 e5 10. Qc2 Re8 11. Ne4 exd4 12. Nxf6+ Qxf6 13. exd4 h6 14. d5 Ne5 15. Nxe5 Rxe5 16. Rae1 Bd7 17. Rxe5 Qxe5 18. b4 Re8 19. h3 Qg5 20. f4 Qg3 21. Bf5 Bxf5 22. Qxf5 Re2 23. Qc8+ Kh7 24. Qf5+ Kg8 25. Qc8+ Kh7 26. Qf5+ Kg8 27. Qc8+ Kh7 28. Qf5+ Kg8 29. Qc8+ Kh7 30. Qf5+ Qg6 31. Qxg6+ Kxg6 32. Rf3 Ra2 33. Re3 Kf6 34. g4 Rc2 35. g5+ hxg5 36. fxg5+ Kxg5 37. Re7 Rxc4 38. Rxf7 Kg6 39. Rd7 Rc3 40. Kg2 Kf5 41. Rxg7 b6 42. Rd7 a5 43. h4 axb4 44. axb4 Rc4 45. h5 Rh4 46. Rxc7 Rxh5 47. Rc6 Ke5 48. Rxb6 Kxd5 49. Rb5+ Kc4 50. Rxh5 Kxb4 51. Kf3 Kc4 52. Ke4 d5+ 53. Rxd5 Kc3 54. Rd4 Kb3 55. Ke3 Kc3 56. Re4 Kb2 57. Kd2 Kb3 58. Rd4 Ka3 59. Rc4 Kb3 1/2-1/2

[Event "Dos Hermanas Internet qual-E 10th"]
[Site "ICC INT"]
[Date "2009.03.15"]
[Round "8"]
[White "Sharma, Dinesh Kumar"]
[Black "Della Pietra, Andrea"]
[Result "1-0"]
[WhiteElo "2394"]
[BlackElo "2161"]
[PlyCount "107"]
[EventDate "2009.03.15"]
[EventType "swiss (blitz)"]
[EventRounds "12"]
[EventCountry "ESP"]
[SourceTitle "CBM 129 Extra"]
[Source "ChessBase"]
[SourceDate "2009.05.05"]
[SourceVersion "2"]
[SourceVersionDate "2009.05.20"]
[SourceQuality "1"]

1. e4 Nc6 2. f4 d5 3. e5 d4 4. Nf3 Bg4 5. Bc4 e6 6. d3 Nh6 7. 0-0 Nf5 8. h3 Bxf3 9. Qxf3 Be7 10. Nd2 Ne3 11. Ne4 Nxf1 12. Qxf1 Qd7 13. Bd2 f6 14. a3 0-0-0 15. b4 fxe5 16. Rb1 exf4 17. Qxf4 e5 18. Qg3 Bd6 19. b5 Ne7 20. Ng5 Kb8 21. Be6 Qe8 22. Bf7 Qd7 23. Rf1 Nf5 24. Qf3 h6 25. Be6 Qe7 26. Nf7 Qxe6 27. Nxd8 Rxd8 28. Qxf5 Qxf5 29. Rxf5 Rf8 30. Rxf8+ Bxf8 31. a4 c6 32. bxc6 bxc6 33. Kf2 Kc7 34. Kf3 Kd6 35. Ke4 Ke6 36. Ba5 Bd6 37. Bd8 a6 38. Bh4 g6 39. Bg3 a5 40. Bh2 h5 41. g3 Kf6 42. Bg1 g5 43. Bf2 g4 44. hxg4 hxg4 45. Be1 Ke6 46. Bxa5 Bb8 47. Bb6 Kd6 48. a5 c5 49. a6 Kc6 50. a7 Bxa7 51. Bxa7 Kb5 52. Kxe5 c4 53. Kxd4 cxd3 54. cxd3 1-0

[Event "Dos Hermanas Internet qual-A 10th"]
[Site "ICC INT"]
[Date "2009.03.13"]
[Round "7"]
[White "Della Pietra, Andrea"]
[Black "Pellows, Bennet"]
[Result "1-0"]
[WhiteElo "2161"]
[BlackElo "2084"]
[PlyCount "169"]
[EventDate "2009.03.13"]
[EventType "swiss (blitz)"]
[EventRounds "12"]
[EventCountry "ESP"]
[SourceTitle "CBM 129 Extra"]
[Source "ChessBase"]
[SourceDate "2009.05.05"]
[SourceVersion "2"]
[SourceVersionDate "2009.05.20"]
[SourceQuality "1"]

1. d4 c6 2. c4 d5 3. Nc3 Nf6 4. e3 e6 5. Nf3 Nbd7 6. Qc2 Bd6 7. g4 h6 8. Bd3 dxc4 9. Bxc4 b5 10. Bd3 Qb6 11. Rg1 Nd5 12. Nxd5 cxd5 13. Qb3 a6 14. Bd2 Bb7 15. Rc1 Ke7 16. Ke2 Rhc8 17. g5 hxg5 18. Nxg5 Rxc1 19. Rxc1 Bxh2 20. Bb4+ Bd6 21. Qa3 Rc8 22. Rxc8 Bxc8 23. Bxd6+ Qxd6 24. Qxd6+ Kxd6 25. Nxf7+ Ke7 26. Ng5 Kf6 27. f4 Nb6 28. b3 Bd7 29. Kf3 Be8 30. Nh7+ Ke7 31. Kg4 Nc8 32. Ng5 Nd6 33. Bc2 b4 34. Bd3 Nb5 35. Bxb5 Bxb5 36. Nf3 Bd3 37. Nd2 Kf6 38. Kg3 a5 39. Kg4 Bf5+ 40. Kf3 Kg6 41. e4 dxe4+ 42. Nxe4 Kf7 43. Nd6+ Ke7 44. Nxf5+ exf5 45. Ke3 Kd6 46. Kd2 Kc6 47. Kd3 Kd5 48. Ke3 Ke6 49. Kd3 Kd7 50. Kc4 Kc6 51. d5+ Kd6 52. Kd4 g6 53. Kc4 g5 54. fxg5 f4 55. Kd4 f3 56. Ke3 Kxd5 57. Kxf3 Ke5 58. Ke3 Kf5 59. Kd4 Kxg5 60. Kc5 Kf5 61. Kb5 Ke4 62. Kxa5 Kd4 63. Kxb4 Kd5 64. Kb5 Kd6 65. a4 Kc7 66. b4 Kb7 67. a5 Ka7 68. Kc5 Kb7 69. b5 Ka7 70. b6+ Ka6 71. Kc6 Kxa5 72. b7 Kb4 73. b8Q+ Kc4 74. Kc7 Kc5 75. Qb6+ Kc4 76. Kc6 Kd3 77. Qb5+ Kd4 78. Qd5+ Kc3 79. Kc5 Kb2 80. Qd4+ Kc2 81. Kc4 Kb1 82. Qd3+ Ka1 83. Qe2 Kb1 84. Kb3 Kc1 85. Qc2# 1-0

[Event "SEMI A044 email"]
[Site "SEMI email"]
[Date "2003.08.20"]
[Round "?"]
[White "Della Pietra, Andrea"]
[Black "Bianco, Raffaele"]
[Result "1-0"]
[WhiteElo "2147"]
[BlackElo "1826"]
[PlyCount "61"]
[EventDate "2003.08.20"]
[EventType "tourn (corr)"]
[EventRounds "6"]
[EventCountry "ITA"]
[SourceTitle "Corr 2008"]
[Source "ChessBase"]
[SourceDate "2008.06.24"]
[SourceVersion "1"]
[SourceVersionDate "2008.06.24"]
[SourceQuality "1"]

1. d4 Nf6 2. c4 g6 3. Nc3 Bg7 4. e4 d6 5. Nge2 a6 6. Ng3 Nbd7 7. Be2 h5 8. h4 e5 9. d5 a5 10. Bg5 Nc5 11. Bf3 Bh6 12. Bxh6 Rxh6 13. Qd2 Rh7 14. Be2 Bd7 15. 0-0-0 Ng8 16. Kb1 f5 17. exf5 Bxf5+ 18. Nxf5 gxf5 19. Qg5 Qxg5 20. hxg5 h4 21. g3 h3 22. Rh2 Kf7 23. Rdh1 Kg6 24. f4 exf4 25. gxf4 Rh4 26. Rxh3 Rxf4 27. Rh8 Rf8 28. R1h7 Ne4 29. Bh5+ Kxg5 30. Rg7+ Kf6 31. Rgxg8 1-0

[Event "SEMI A044 email"]
[Site "SEMI email"]
[Date "2003.08.20"]
[Round "?"]
[White "Della Pietra, Andrea"]
[Black "Pech, Jaroslav Sr"]
[Result "0-1"]
[WhiteElo "2147"]
[BlackElo "2085"]
[PlyCount "36"]
[EventDate "2003.08.20"]
[EventType "tourn (corr)"]
[EventRounds "6"]
[EventCountry "ITA"]
[SourceTitle "Corr 2008"]
[Source "ChessBase"]
[SourceDate "2008.06.24"]
[SourceVersion "1"]
[SourceVersionDate "2008.06.24"]
[SourceQuality "1"]

1. d4 Nf6 2. c4 e6 3. Nc3 Bb4 4. e3 0-0 5. Bd3 d5 6. Nf3 c5 7. 0-0 Nc6 8. a3 Bxc3 9. bxc3 dxc4 10. Bxc4 Qc7 11. Bd3 e5 12. Qc2 Re8 13. dxe5 Nxe5 14. Nxe5 Qxe5 15. f3 Be6 16. Re1 Rad8 17. Rb1 Qd5 18. Bb5 Re7 0-1

[Event "ITA 80th Anniv FSI op-A"]
[Site "FICS INT"]
[Date "2001.02.01"]
[Round "7"]
[White "Della Pietra, Andrea"]
[Black "Malloni, Marcello"]
[Result "0-1"]
[WhiteElo "2186"]
[BlackElo "2266"]
[PlyCount "34"]
[EventDate "2001.02.01"]
[EventType "swiss (blitz)"]
[EventRounds "8"]
[EventCountry "ITA"]
[SourceTitle "CBM 080 Extra"]
[Source "ChessBase"]
[SourceDate "2001.03.08"]
[SourceVersion "1"]
[SourceVersionDate "2001.03.08"]
[SourceQuality "1"]

1. d4 Nf6 2. c4 e6 3. Nf3 d5 4. Nc3 Bb4 5. cxd5 exd5 6. Bg5 Nbd7 7. e3 c5 8. Bd3 Qa5 9. Qc2 0-0 10. 0-0 Re8 11. a3 Bxc3 12. bxc3 c4 13. Bf5 g6 14. Bh3 Ne4 15. Rfc1 Nb6 16. Bxc8 Raxc8 17. Ne5 Nxg5 0-1

[Event "ITA 80th Anniv FSI op-A"]
[Site "FICS INT"]
[Date "2001.02.01"]
[Round "3"]
[White "Gagliardi, Christian"]
[Black "Della Pietra, Andrea"]
[Result "1-0"]
[WhiteElo "2094"]
[BlackElo "2186"]
[PlyCount "87"]
[EventDate "2001.02.01"]
[EventType "swiss (blitz)"]
[EventRounds "8"]
[EventCountry "ITA"]
[SourceTitle "CBM 080 Extra"]
[Source "ChessBase"]
[SourceDate "2001.03.08"]
[SourceVersion "1"]
[SourceVersionDate "2001.03.08"]
[SourceQuality "1"]

1. e4 e6 2. d3 d5 3. Nd2 Nf6 4. Ngf3 c5 5. g3 b6 6. Bg2 Bb7 7. Qe2 Be7 8. 0-0 Nc6 9. c3 Qc7 10. a4 0-0-0 11. a5 b5 12. a6 Ba8 13. exd5 exd5 14. c4 dxc4 15. dxc4 b4 16. Nb3 Rhe8 17. Qc2 Kb8 18. Bf4 Bd6 19. Bg5 h6 20. Bxf6 gxf6 21. Nh4 Ne5 22. Bxa8 Kxa8 23. Na5 Kb8 24. f4 Ng4 25. Nf5 Rg8 26. Nb7 Bxf4 27. Nxd8 Ne3 28. Nxe3 Bxe3+ 29. Kh1 Rxd8 30. Rad1 Qc6+ 31. Qg2 Rxd1 32. Rxd1 Qxg2+ 33. Kxg2 Bd4 34. b3 Kc7 35. Rd2 Kb6 36. Ra2 Be5 37. Kf3 Kc6 38. Ke4 Kd6 39. Kf5 Kc6 40. g4 Kd6 41. h4 Kc6 42. g5 hxg5 43. hxg5 Kd6 44. gxf6 1-0

[Event "ITA-ch Online-1 g4 5'"]
[Site "Internet FICS "]
[Date "2000.04.05"]
[Round "8"]
[White "Bentivegna, Francesco"]
[Black "Della Pietra, Andrea"]
[Result "0-1"]
[WhiteElo "2173"]
[BlackElo "2153"]
[PlyCount "134"]
[EventDate "2000.04.05"]
[EventType "swiss (blitz)"]
[EventRounds "8"]
[EventCountry "ITA"]
[SourceTitle "EXT 2002"]
[Source "ChessBase"]
[SourceDate "2001.11.25"]
[SourceVersion "1"]
[SourceVersionDate "2001.11.25"]
[SourceQuality "1"]

1. b3 e5 2. Bb2 Nc6 3. e3 d5 4. Bb5 Bd6 5. f4 Qh4+ 6. g3 Qe7 7. Nf3 f6 8. Qe2 Bd7 9. Nc3 Qf7 10. 0-0-0 0-0-0 11. a3 a6 12. Bxc6 Bxc6 13. Rhe1 Ne7 14. b4 Qe8 15. fxe5 fxe5 16. Rf1 h6 17. Rf2 Rf8 18. Rdf1 g5 19. e4 d4 20. Nd1 Qg6 21. d3 Rf7 22. Kb1 Rdf8 23. g4 Rf4 24. h3 R8f6 25. Nd2 Qf7 26. Rxf4 Rxf4 27. Rxf4 Qxf4 28. Qf2 Ng6 29. Bc1 Bd7 30. Nc4 Qxf2 31. Nxf2 Nf4 32. Bxf4 gxf4 33. Kc1 Be6 34. Kd1 Kd7 35. Nxd6 cxd6 36. Ke2 Ke7 37. Kf3 Kf6 38. h4 b6 39. Nh3 Ba2 40. Nf2 Bb1 41. Nh3 Bxc2 42. g5+ hxg5 43. hxg5+ Kg6 44. Ke2 f3+ 45. Kxf3 Bxd3 46. Nf2 Bc2 47. Nh3 d3 48. Ke3 d2 49. Kxd2 Bxe4 50. Ke3 Bf5 51. Nf2 Kxg5 52. a4 Kf6 53. Nd1 Ke6 54. a5 bxa5 55. bxa5 Kd5 56. Nc3+ Kc4 57. Ne2 Bd7 58. Ng3 Bb5 59. Ne4 d5 60. Nd6+ Kb4 61. Nf7 Kxa5 62. Nxe5 Kb4 63. Kd4 Bc4 64. Nc6+ Kb5 65. Ne5 a5 66. Nf3 a4 67. Nd2 a3 0-1

[Event "ITA-ch Online-1 g4 5'"]
[Site "Internet FICS "]
[Date "2000.04.05"]
[Round "4"]
[White "Corvi, Marco"]
[Black "Della Pietra, Andrea"]
[Result "0-1"]
[WhiteElo "2296"]
[BlackElo "2153"]
[PlyCount "64"]
[EventDate "2000.04.05"]
[EventType "swiss (blitz)"]
[EventRounds "8"]
[EventCountry "ITA"]
[SourceTitle "EXT 2002"]
[Source "ChessBase"]
[SourceDate "2001.11.25"]
[SourceVersion "1"]
[SourceVersionDate "2001.11.25"]
[SourceQuality "1"]

1. c4 Nf6 2. Nc3 g6 3. g3 Bg7 4. Bg2 0-0 5. Nf3 d6 6. 0-0 Nc6 7. d3 e5 8. Rb1 a5 9. a3 h6 10. b4 axb4 11. axb4 Be6 12. b5 Ne7 13. Nd2 Qc8 14. Bb2 Bh3 15. Qb3 Bxg2 16. Kxg2 Nd7 17. Ra1 Nc5 18. Qc2 Qd7 19. Nb3 Nxb3 20. Qxb3 Kh7 21. Nd5 f5 22. f4 Rxa1 23. Rxa1 g5 24. Ra7 Nxd5 25. cxd5 gxf4 26. gxf4 exf4 27. Rxb7 Rg8 28. Kf1 Qe7 29. b6 Qe3 30. Rxc7 Kh8 31. Rxg7 Rxg7 32. Qc3 Qg1# 0-1

[Event "ITA-ch Online-1 g4 5'"]
[Site "Internet FICS "]
[Date "2000.04.05"]
[Round "3"]
[White "Ferretti, Folco"]
[Black "Della Pietra, Andrea"]
[Result "1-0"]
[WhiteElo "2286"]
[BlackElo "2153"]
[PlyCount "59"]
[EventDate "2000.04.05"]
[EventType "swiss (blitz)"]
[EventRounds "8"]
[EventCountry "ITA"]
[SourceTitle "EXT 2002"]
[Source "ChessBase"]
[SourceDate "2001.11.25"]
[SourceVersion "1"]
[SourceVersionDate "2001.11.25"]
[SourceQuality "1"]

1. c4 Nf6 2. Nc3 g6 3. g3 Bg7 4. Bg2 0-0 5. Nf3 d6 6. 0-0 Nc6 7. d3 e5 8. Rb1 a5 9. a3 Be6 10. Ng5 Bd7 11. b4 axb4 12. axb4 Qc8 13. Nge4 Be6 14. Nxf6+ Bxf6 15. b5 Ne7 16. b6 c6 17. Ne4 Bg7 18. Nxd6 Qd7 19. Ne4 Bf5 20. Nc5 Qc8 21. Bg5 f6 22. Bd2 Rd8 23. Qb3 Rb8 24. Bb4 Bh3 25. Ne4 Bxg2 26. Kxg2 Qe6 27. Ra1 Rd7 28. Nc5 Qg4 29. Nxd7 Qxd7 30. Ra7 1-0